00285nam a2200097Ia 4500008004100000100001300041245004900054245003300103260000900136856004200145160531s9999 xx 000 0 und d aHu, Sen. aCombinatorics and Algebra of Tensor Calculus cby Sen Hu, Xuexing Lu, Yu Ye c2015 uhttp://arxiv.org/pdf/1501.01790v1.pdf